[Event "Aut_chT0809"]
[Site "Graz"]
[Date "2008.11.08"]
[Round "2"]
[Board "1"]
[White "Weiss, Christian"]
[Black "Balogh, Csaba"]
[Result "0-1"]
[WhiteElo "2424"]
[BlackElo "2605"]
[PlyCount "86"]
[EventDate "2008.11.07"]
[EventType "team"]
[EventRounds "11"]
[EventCountry "AUT"]
[WhiteTeam "Union Ansfelden"]
[BlackTeam "SK Advisory Invest Baden"]

1.c4 e5 2.Nc3 Nf6 3.g3 Bb4 4.Bg2 O-O 5.Nf3 Nc6 6.O-O d6 7.d3 h6 8.Nd5 Bc5 9.e3
a6 10.a3 Ba7 11.Qc2 Nxd5 12.cxd5 Ne7 13.Ne1 Bd7 14.Bd2 c6 15.dxc6 Bxc6 16.Bc3
Rc8 17.Qd2 Qd7 18.d4 e4 19.f3 Qe6 20.fxe4 Bxe4 21.Bxe4 Qxe4 22.Nd3 Nd5 23.Rae1
f5 24.Nf2 Qe6 25.Qd3 b5 26.Nh3 Nxc3 27.bxc3 Qc4 28.Qb1 Qxc3 29.Nf4 Qc2 30.Qb4
Bb8 31.Qa5 g5 32.Nd5 Qe4 33.Nb4 f4 34.Qxa6 fxe3 35.Qxb5 Rxf1+ 36.Qxf1 Rf8
37.Qc4+ Kg7 38.Qd5 Qe7 39.Qb3 Ba7 40.Qd3 Qf6 41.Rf1 Qxd4 42.Qxd4+ Bxd4 43.Nc2
e2+

[Event "Aut_chT0809"]
[Site "Graz"]
[Date "2008.11.08"]
[Round "2"]
[Board "2"]
[White "Rausis, Igor"]
[Black "Knoll, Hermann"]
[Result "1-0"]
[WhiteElo "2501"]
[BlackElo "2371"]
[PlyCount "101"]
[EventDate "2008.11.07"]
[EventType "team"]
[EventRounds "11"]
[EventCountry "AUT"]
[WhiteTeam "SK Advisory Invest Baden"]
[BlackTeam "Union Ansfelden"]

1.e4 e5 2.Nf3 Nc6 3.Bb5 a6 4.Bxc6 dxc6 5.Nc3 Bg4 6.h3 Bxf3 7.Qxf3 Bc5 8.d3 Qf6
9.Be3 Qxf3 10.gxf3 Bd6 11.Ne2 Ne7 12.d4 O-O-O 13.O-O-O f6 14.h4 Ng6 15.Rdg1 Rd7
16.h5 Nf8 17.Rg4 Ne6 18.Rhg1 Be7 19.c3 Re8 20.Kc2 Bf8 21.Rd1 Red8 22.f4 exd4
23.cxd4 c5 24.d5 f5 25.Rgg1 Nd4+ 26.Bxd4 cxd4 27.f3 fxe4 28.fxe4 c5 29.Kd3 b5
30.b3 Kb7 31.Rc1 Kb6 32.Rc2 Rd6 33.b4 c4+ 34.Kxd4 Rh6 35.e5 Bxb4 36.Rxg7 Rxh5
37.Ng3 Rh3 38.d6 h5 39.Ke4 h4 40.Nf5 Rh1 41.Re2 Rd1 42.Ne3 Rd2 43.Nd5+ Ka5
44.Rxd2 Bxd2 45.d7 b4 46.e6 b3 47.axb3 cxb3 48.Rg1 b2 49.e7 Rxd7 50.e8=Q Bc1
51.Nc3

[Event "Aut_chT0809"]
[Site "Graz"]
[Date "2008.11.08"]
[Round "2"]
[Board "3"]
[White "Hellmayr, Alois"]
[Black "Siebrecht, Sebastian"]
[Result "0-1"]
[WhiteElo "2333"]
[BlackElo "2440"]
[PlyCount "84"]
[EventDate "2008.11.07"]
[EventType "team"]
[EventRounds "11"]
[EventCountry "AUT"]
[WhiteTeam "Union Ansfelden"]
[BlackTeam "SK Advisory Invest Baden"]

1.c4 e5 2.Nc3 Nf6 3.e3 Bb4 4.Nd5 Nxd5 5.cxd5 O-O 6.Bd3 f5 7.Bc4 Kh8 8.Nf3 Qf6
9.a3 Bd6 10.d4 e4 11.Nd2 c6 12.O-O cxd5 13.Ba2 b6 14.f3 Qh6 15.f4 Bb7 16.Nb1 Na6
17.Nc3 Nc7 18.Bd2 g5 19.g3 gxf4 20.exf4 Rg8 21.Be3 Qh3 22.Qe1 Rg4 23.Rf2 Rag8
24.Ne2 Ba6 25.Rg2 h5 26.Rc1 h4 27.Kh1 Bxe2 28.Qxe2 hxg3 29.Rf1 R8g6 30.Bb3 Rh6
31.Bd1 Rgh4 32.Kg1 Rg6 33.Kh1 Rhh6 34.Ba4 Rg7 35.Bb3 Rh4 36.Bd1 Rgh7 37.Kg1
gxh2+ 38.Kh1 Ne6 39.Bb3 Bxf4 40.Bf2 Qxg2+ 41.Kxg2 h1=Q+ 42.Rxh1 Rg7+

[Event "Aut_chT0809"]
[Site "Graz"]
[Date "2008.11.08"]
[Round "2"]
[Board "4"]
[White "Baumegger, Siegfried"]
[Black "Moser, Guenter"]
[Result "1-0"]
[WhiteElo "2447"]
[BlackElo "2341"]
[PlyCount "99"]
[EventDate "2008.11.07"]
[EventType "team"]
[EventRounds "11"]
[EventCountry "AUT"]
[WhiteTeam "SK Advisory Invest Baden"]
[BlackTeam "Union Ansfelden"]

1.c4 f5 2.g3 Nf6 3.Bg2 c6 4.Nf3 d6 5.d4 Qc7 6.O-O g6 7.Nc3 Bg7 8.d5 O-O 9.Be3 e5
10.dxe6 Ng4 11.Bf4 Be5 12.Nd4 Qg7 13.e3 Re8 14.Qc2 Bxf4 15.gxf4 Na6 16.Rad1 Nc5
17.Nb3 Nxb3 18.axb3 Rxe6 19.Rd4 Nf6 20.Rfd1 Ne8 21.b4 Kf8 22.b5 c5 23.R4d2 Rb8
24.Qa4 b6 25.Ra1 Re7 26.Rad1 Be6 27.Kh1 g5 28.fxg5 Qxg5 29.Ne2 Rg7 30.Nf4 Qe7
31.Qc2 Rd8 32.Nxe6+ Qxe6 33.Rd5 Rf7 34.Qd3 Rf6 35.Qc3 Rf7 36.Qc2 Rf6 37.Qd2 Nc7
38.Rd3 Qxc4 39.Ra3 Nxb5 40.Raa1 Qh4 41.Bc6 Nc7 42.Rxa7 Ne8 43.Bd5 Ng7 44.Rg1 Ne6
45.Qc3 Re8 46.Rxh7 Qxh7 47.Qxf6+ Qf7 48.Qh6+ Ke7 49.Rg6 Kd7 50.Rg7

[Event "Aut_chT0809"]
[Site "Graz"]
[Date "2008.11.08"]
[Round "2"]
[Board "5"]
[White "Klinger, Josef"]
[Black "Lendwai, Reinhard"]
[Result "1/2-1/2"]
[WhiteElo "2429"]
[BlackElo "2418"]
[PlyCount "25"]
[EventDate "2008.11.07"]
[EventType "team"]
[EventRounds "11"]
[EventCountry "AUT"]
[WhiteTeam "Union Ansfelden"]
[BlackTeam "SK Advisory Invest Baden"]

1.e4 c6 2.d4 d5 3.exd5 cxd5 4.Bd3 Nc6 5.c3 Nf6 6.h3 g6 7.Nf3 Bf5 8.O-O Bxd3
9.Qxd3 Bg7 10.Bf4 O-O 11.Nbd2 e6 12.Rfe1 Ne8 13.Ne5

[Event "Aut_chT0809"]
[Site "Graz"]
[Date "2008.11.08"]
[Round "2"]
[Board "6"]
[White "Loeffler, Stefan"]
[Black "Felsberger, Alfred"]
[Result "1-0"]
[WhiteElo "2411"]
[BlackElo "2367"]
[PlyCount "133"]
[EventDate "2008.11.07"]
[EventType "team"]
[EventRounds "11"]
[EventCountry "AUT"]
[WhiteTeam "SK Advisory Invest Baden"]
[BlackTeam "Union Ansfelden"]

1.d4 Nf6 2.Bg5 d5 3.e3 Nbd7 4.Nf3 c5 5.Bd3 Qb6 6.b3 Ne4 7.Bf4 e6 8.O-O Be7 9.c4
O-O 10.Qc2 Ndf6 11.Be5 Bd7 12.cxd5 exd5 13.Nc3 Nxc3 14.Qxc3 Rac8 15.Rac1 Ne4
16.Qa1 Bg4 17.dxc5 Nxc5 18.Rxc5 Bxc5 19.Bxg7 Rfe8 20.Kh1 Bh5 21.Nh4 Bg6 22.Nf5
Bxf5 23.Bxf5 Rcd8 24.Bf6 Be7 25.Bd4 Bc5 26.Bf6 Be7 27.Be5 Bd6 28.Bh8 Bf8 29.Rd1
Qh6 30.Qd4 b6 31.g3 Bg7 32.Bxg7 Qxg7 33.Qa4 Re5 34.e4 Qf6 35.Qd4 Rd6 36.f4 Rxf5
37.e5 Qe6 38.exd6 Qxd6 39.Rc1 Rf6 40.Kg2 Kf8 41.f5 h5 42.h3 Ke7 43.g4 hxg4
44.hxg4 Rh6 45.Re1+ Kf8 46.Qe5 Qxe5 47.Rxe5 Rd6 48.Kf3 Kg7 49.Re7 Kf6 50.Rxa7 d4
51.Ke2 Kg5 52.Rxf7 d3+ 53.Kd2 Kxg4 54.a4 Kf4 55.f6 Ke5 56.Rf8 Ke6 57.Rh8 Kf7
58.Rh6 Rd4 59.Rh7+ Kg6 60.f7 Rf4 61.Rh4 Rf6 62.Kxd3 Kxf7 63.Kc4 Ke7 64.Kb5 Kd7
65.Ka6 Kc7 66.Rc4+ Kd7 67.Kb7

[Event "Aut_chT0809"]
[Site "Graz"]
[Date "2008.11.08"]
[Round "2"]
[Board "1"]
[White "Beliavsky, Alexander"]
[Black "Movsesian, Sergei"]
[Result "0-1"]
[WhiteElo "2646"]
[BlackElo "2751"]
[PlyCount "80"]
[EventDate "2008.11.07"]
[EventType "team"]
[EventRounds "11"]
[EventCountry "AUT"]
[WhiteTeam "Holz Dohr"]
[BlackTeam "Husek Wien"]

1.d4 d5 2.c4 c6 3.Nf3 Nf6 4.Nc3 a6 5.c5 Bf5 6.Bf4 Nbd7 7.e3 e6 8.Nd2 Be7 9.Be2
Bg6 10.h4 h5 11.Qb3 Qc8 12.e4 Nxe4 13.Ncxe4 Bxe4 14.Nxe4 dxe4 15.O-O-O Nf6
16.Be5 Qd7 17.Rhe1 Kf8 18.Bc4 Rd8 19.Qg3 Rh6 20.f3 exf3 21.gxf3 Ne8 22.Bf4 Rh8
23.Bg5 Bxg5+ 24.hxg5 g6 25.Qf4 Ng7 26.Bb3 Kg8 27.Bc2 Qe7 28.Re5 Rd7 29.Rh1 Kh7
30.Rh4 Rhd8 31.Qe3 Kg8 32.a3 Rd5 33.b4 Qd7 34.Rxd5 exd5 35.Rh1 Re8 36.Qd2 Qe7
37.f4 Qe3 38.Qxe3 Rxe3 39.a4 Ne6 40.f5 Nxd4

[Event "Aut_chT0809"]
[Site "Graz"]
[Date "2008.11.08"]
[Round "2"]
[Board "4"]
[White "Laznicka, Viktor"]
[Black "Kosten, Anthony C"]
[Result "1-0"]
[WhiteElo "2598"]
[BlackElo "2514"]
[PlyCount "91"]
[EventDate "2008.11.07"]
[EventType "team"]
[EventRounds "11"]
[EventCountry "AUT"]
[WhiteTeam "Husek Wien"]
[BlackTeam "Holz Dohr"]

1.d4 Nf6 2.c4 e6 3.g3 Bb4+ 4.Bd2 a5 5.Bg2 d5 6.Nf3 dxc4 7.Qc2 Bxd2+ 8.Qxd2 b5
9.Qg5 O-O 10.Qxb5 Ba6 11.Qxa5 Nbd7 12.Qd2 c5 13.Nc3 Rb8 14.O-O Rb4 15.Rab1 Qb6
16.a3 Rb3 17.dxc5 Nxc5 18.Nd4 Rd8 19.Nxb3 Rxd2 20.Nxd2 h5 21.h3 g6 22.Rfd1 Kg7
23.Nf1 Nb3 24.Nd2 Nd4 25.Nde4 Nh7 26.e3 Nf5 27.Rd2 Bb7 28.Rbd1 Bc6 29.h4 Qb8
30.Nc5 Bxg2 31.Kxg2 Qc8 32.Nd7 g5 33.e4 Ne7 34.hxg5 Nxg5 35.f4 Nh7 36.Rh1 f5
37.Rxh5 fxe4 38.Nxe4 Nd5 39.Ng5 Ndf6 40.Nxe6+ Kg6 41.Nxf6 Nxf6 42.Rg5+ Kf7
43.Re2 Qa8+ 44.Kh2 Ne4 45.Rf5+ Kg6 46.Rf8

[Event "Aut_chT0809"]
[Site "Graz"]
[Date "2008.11.08"]
[Round "2"]
[Board "5"]
[White "Kunin, Vitaly"]
[Black "Chernin, Alexander"]
[Result "1/2-1/2"]
[WhiteElo "2546"]
[BlackElo "2593"]
[PlyCount "110"]
[EventDate "2008.11.07"]
[EventType "team"]
[EventRounds "11"]
[EventCountry "AUT"]
[WhiteTeam "Holz Dohr"]
[BlackTeam "Husek Wien"]

1.Nf3 d5 2.g3 c6 3.Bg2 Bg4 4.d4 Nd7 5.Nbd2 Ngf6 6.O-O e6 7.Re1 Be7 8.e4 O-O 9.c3
dxe4 10.Nxe4 Nxe4 11.Rxe4 Bxf3 12.Bxf3 Bg5 13.Bxg5 Qxg5 14.Qb3 Rab8 15.Rae1 Rfd8
16.Qa3 Ra8 17.Rg4 Qh6 18.Kg2 Nf8 19.Rh4 Qg5 20.Re5 Qd2 21.Re2 Qg5 22.Rh5 Qf6
23.h4 Rd7 24.Ra5 a6 25.Qb3 Qd8 26.Rc5 Rc7 27.Rce5 Nd7 28.R5e3 Nf6 29.Qc2 Rac8
30.Re1 Rd7 31.Re5 Rd6 32.Qc1 Nd7 33.R5e2 Qf6 34.Be4 Rd8 35.Re3 Qe7 36.Rf3 Nf6
37.Bb1 Rd5 38.b4 a5 39.a3 axb4 40.axb4 Ra8 41.Qc2 g6 42.Ba2 Rdd8 43.Re5 Kg7
44.Qe2 Rd6 45.Ra5 Rxa5 46.bxa5 Kg8 47.Qb2 h5 48.Rxf6 Qxf6 49.Qxb7 Qd8 50.a6 Rd7
51.Qxc6 Rd6 52.Qb7 Rb6 53.Qa7 Rc6 54.Qb7 Rb6 55.Qa7 Rc6

[Event "Aut_chT0809"]
[Site "Graz"]
[Date "2008.11.08"]
[Round "2"]
[Board "6"]
[White "Kummer, Helmut"]
[Black "Freitag, Manfred"]
[Result "1/2-1/2"]
[WhiteElo "2393"]
[BlackElo "2406"]
[PlyCount "137"]
[EventDate "2008.11.07"]
[EventType "team"]
[EventRounds "11"]
[EventCountry "AUT"]
[WhiteTeam "Husek Wien"]
[BlackTeam "Holz Dohr"]

1.d4 Nf6 2.c4 e6 3.Nf3 c5 4.d5 exd5 5.cxd5 d6 6.Nc3 g6 7.Nd2 Bg7 8.e4 O-O 9.Be2
a6 10.a4 Nbd7 11.O-O Re8 12.f4 c4 13.Bf3 Nc5 14.e5 dxe5 15.fxe5 Rxe5 16.Nxc4 Re8
17.Be3 Nfe4 18.Nxe4 Nxe4 19.Nb6 Rb8 20.Bd4 Nd6 21.Bxg7 Kxg7 22.Qd4+ Kg8 23.a5
Bd7 24.Rfe1 Bb5 25.Rxe8+ Qxe8 26.Kf2 Qf8 27.Re1 Nf5 28.Qc3 Re8 29.Rxe8 Qxe8
30.g3 h5 31.Qc8 Kf8 32.Qc5+ Qe7 33.b4 Nd6 34.h4 Kg7 35.Qd4+ Qf6 36.Qxf6+ Kxf6
37.g4 hxg4 38.Bxg4 Ke5 39.h5 gxh5 40.Bxh5 Kd4 41.Bg4 Bc4 42.Bf3 Bb5 43.Bg4 f5
44.Bf3 Bd3 45.Bg2 Be4 46.Bf1 f4 47.Bh3 Kc3 48.Bg2 Kxb4 49.Bxe4 Kxa5 50.Nd7 Nxe4+
51.Kf3 Nd6 52.Kxf4 Kb4 53.Ke5 Nc4+ 54.Kd4 a5 55.Nc5 Nd6 56.Nd3+ Kb5 57.Ke5 Nc4+
58.Ke6 a4 59.d6 Nxd6 60.Kxd6 Kc4 61.Nb2+ Kb3 62.Nd3 Kc3 63.Nc1 Kc4 64.Ke5 b5
65.Ke4 b4 66.Ke3 Kc3 67.Na2+ Kb3 68.Nxb4 Kxb4 69.Kd2

[Event "Aut_chT0809"]
[Site "Graz"]
[Date "2008.11.09"]
[Round "3"]
[Board "1"]
[White "Movsesian, Sergei"]
[Black "Ragger, Markus"]
[Result "0-1"]
[WhiteElo "2751"]
[BlackElo "2540"]
[PlyCount "204"]
[EventDate "2008.11.07"]
[EventType "team"]
[EventRounds "11"]
[EventCountry "AUT"]
[WhiteTeam "Husek Wien"]
[BlackTeam "SK Kl.Ztg.MPOE Maria Saal"]

1.Nf3 Nf6 2.g3 d5 3.Bg2 c6 4.O-O Bg4 5.d3 Nbd7 6.h3 Bh5 7.Qe1 e6 8.e4 Bxf3
9.Bxf3 Bd6 10.Bg2 O-O 11.f4 dxe4 12.dxe4 e5 13.f5 Be7 14.Nd2 Nc5 15.Kh2 a5
16.Qe2 a4 17.a3 h6 18.g4 Nh7 19.Rd1 Bg5 20.Nf3 Bxc1 21.Raxc1 Qe7 22.h4 Rad8
23.Rg1 Rd4 24.Nxd4 Qxh4+ 25.Bh3 Ng5 26.Qg2 exd4 27.Rge1 d3 28.Re3 d2 29.Rd1 Rd8
30.e5 Rd4 31.Rxd2 Rxd2 32.Qxd2 Nce4 33.Qg2 Nf2 34.Rf3 Ngxh3 35.Rxh3 Nxg4+ 36.Kg1
Qe1+ 37.Qf1 Qxe5 38.Qf3 Qe1+ 39.Kg2 Qd2+ 40.Kg3 Nf6 41.Rh2 Qe1+ 42.Kg2 Ne4
43.Qf4 Qe2+ 44.Kh3 Ng5+ 45.Kg3 Qe1+ 46.Kg2 Qb1 47.Qxa4 Qd1 48.Qf4 Qxc2+ 49.Qf2
Qe4+ 50.Kf1 Qd3+ 51.Kg2 Qd5+ 52.Kf1 Qd1+ 53.Kg2 Qg4+ 54.Kf1 Ne4 55.Qe3 Qxf5+
56.Ke1 Nf6 57.Kd2 Qb1 58.Re2 Qxb2+ 59.Kd1 Qb1+ 60.Kd2 Qf5 61.Qd3 Qa5+ 62.Kc2 b5
63.Qd6 Qa4+ 64.Kb2 Nd5 65.Re8+ Kh7 66.Qxc6 Qd4+ 67.Kb3 Qd3+ 68.Kb2 b4 69.axb4
Qd4+ 70.Kc1 Qa1+ 71.Kd2 Qb2+ 72.Ke1 Qxb4+ 73.Kf1 Qf4+ 74.Ke2 Qg4+ 75.Ke1 Qg1+
76.Ke2 Nf4+ 77.Kd2 Qd4+ 78.Ke1 Qg1+ 79.Kd2 Qg2+ 80.Qxg2 Nxg2 81.Kd3 g5 82.Ke4
Kg6 83.Rg8+ Kf6 84.Rh8 Kg7 85.Ra8 Nh4 86.Ke5 f6+ 87.Ke6 f5 88.Ke5 Kg6 89.Ra6+
Kh5 90.Rb6 f4 91.Ke4 Kg4 92.Rxh6 Kg3 93.Ra6 f3 94.Ra1 g4 95.Ke3 Ng2+ 96.Kd3 Nf4+
97.Ke3 Ng2+ 98.Kd3 Kh2 99.Rf1 g3 100.Ke4 f2 101.Kf3 Ne1+ 102.Ke2 Kg2

[Event "Aut_chT0809"]
[Site "Graz"]
[Date "2008.11.09"]
[Round "3"]
[Board "3"]
[White "Sutovsky, Emil"]
[Black "Buhmann, Rainer"]
[Result "1/2-1/2"]
[WhiteElo "2660"]
[BlackElo "2565"]
[PlyCount "69"]
[EventDate "2008.11.07"]
[EventType "team"]
[EventRounds "11"]
[EventCountry "AUT"]
[WhiteTeam "Husek Wien"]
[BlackTeam "SK Kl.Ztg.MPOE Maria Saal"]

1.e4 e5 2.Nf3 Nc6 3.Bb5 Nf6 4.O-O Nxe4 5.d4 Nd6 6.Bxc6 dxc6 7.dxe5 Nf5 8.Qxd8+
Kxd8 9.Nc3 Bd7 10.h3 h6 11.b3 Ne7 12.Bb2 b6 13.Rad1 Kc8 14.Nd4 c5 15.Nde2 a5
16.a4 Bf5 17.Rd2 h5 18.Ng3 Be6 19.Rfd1 g6 20.Rd8+ Kb7 21.Rxa8 Kxa8 22.Nb5 Kb7
23.Ne4 Bh6 24.Nf6 Bg7 25.c4 Bxf6 26.exf6 Nc6 27.f3 Kc8 28.g4 hxg4 29.hxg4 Bd7
30.Kg2 Re8 31.Bc3 Re2+ 32.Kg3 Re3 33.Kf4 Re2 34.Rh1 Nd8 35.Rh8

[Event "Aut_chT0809"]
[Site "Graz"]
[Date "2008.11.09"]
[Round "3"]
[Board "4"]
[White "Bunzmann, Dimitrij"]
[Black "Laznicka, Viktor"]
[Result "1/2-1/2"]
[WhiteElo "2488"]
[BlackElo "2598"]
[PlyCount "34"]
[EventDate "2008.11.07"]
[EventType "team"]
[EventRounds "11"]
[EventCountry "AUT"]
[WhiteTeam "SK Kl.Ztg.MPOE Maria Saal"]
[BlackTeam "Husek Wien"]

1.c4 c6 2.e4 d5 3.exd5 cxd5 4.d4 Nf6 5.Nc3 e6 6.a3 Be7 7.c5 b6 8.b4 bxc5 9.dxc5
e5 10.Nf3 d4 11.Bb5+ Kf8 12.Na4 Qd5 13.Qe2 e4 14.Bc4 Qd7 15.Bb5 Qd5 16.Bc4 Qd7
17.Bb5 Qd5

[Event "Aut_chT0809"]
[Site "Graz"]
[Date "2008.11.09"]
[Round "3"]
[Board "5"]
[White "Chernin, Alexander"]
[Black "Tratar, Marko"]
[Result "1/2-1/2"]
[WhiteElo "2593"]
[BlackElo "2497"]
[PlyCount "152"]
[EventDate "2008.11.07"]
[EventType "team"]
[EventRounds "11"]
[EventCountry "AUT"]
[WhiteTeam "Husek Wien"]
[BlackTeam "SK Kl.Ztg.MPOE Maria Saal"]

1.c4 c5 2.g3 Nc6 3.Bg2 g6 4.Nc3 Bg7 5.a3 a5 6.Nf3 d6 7.d3 e5 8.Nd2 Nge7 9.Nf1
O-O 10.Ne3 Rb8 11.Rb1 b6 12.O-O Bb7 13.Bd2 Nd4 14.Ned5 Nxd5 15.Nxd5 Bc8 16.e3
Nc6 17.b4 axb4 18.axb4 Bf5 19.Qc2 Ne7 20.Nc3 Qd7 21.Rb3 Rfd8 22.Rfb1 Be6 23.Be1
Qe8 24.bxc5 bxc5 25.Rb7 Rxb7 26.Rxb7 d5 27.cxd5 Nxd5 28.Ne4 Nb4 29.Bxb4 cxb4
30.Rxb4 Rb8 31.Rxb8 Qxb8 32.Ng5 Qb3 33.Qc6 h6 34.Nxe6 Qxe6 35.Qa8+ Bf8 36.Bd5
Qe7 37.Qa2 Kg7 38.Qc4 Qf6 39.Kg2 Bd6 40.Qc6 Be7 41.Qb7 Bd6 42.Bc4 Qe7 43.Qd5 Qf6
44.h3 g5 45.Qb7 Qe7 46.Qc8 Qf6 47.Bd5 Be7 48.Qg4 Kf8 49.Bf3 Bd6 50.Qe4 Kg7
51.Bg4 Be7 52.Bf5 Bd6 53.Kf1 Bc7 54.Ke2 Bd6 55.Qg4 Kf8 56.Bc8 Be7 57.Qc4 Kg7
58.Bb7 Bd6 59.Bd5 Be7 60.Qb5 Bd6 61.Qb7 Qe7 62.Qa8 Qf6 63.Bc4 Qe7 64.Qd5 Qf6
65.g4 Kf8 66.Qb7 Kg7 67.Bd5 Qe7 68.Qa8 Qf6 69.Bf3 Be7 70.Qb7 Bd6 71.Kd1 Qe7
72.Qa8 Qf6 73.Kc2 Bb4 74.Qc6 Be1 75.Qxf6+ Kxf6 76.Bd5 Bxf2

[Event "Aut_chT0809"]
[Site "Graz"]
[Date "2008.11.09"]
[Round "3"]
[Board "6"]
[White "Kreisl, Robert"]
[Black "Kummer, Helmut"]
[Result "1/2-1/2"]
[WhiteElo "2394"]
[BlackElo "2393"]
[PlyCount "88"]
[EventDate "2008.11.07"]
[EventType "team"]
[EventRounds "11"]
[EventCountry "AUT"]
[WhiteTeam "SK Kl.Ztg.MPOE Maria Saal"]
[BlackTeam "Husek Wien"]

1.e4 g6 2.d4 Bg7 3.Nf3 c6 4.Nc3 d5 5.h3 Nh6 6.Bd3 dxe4 7.Nxe4 Nf5 8.c3 O-O 9.O-O
Nd6 10.Re1 Nxe4 11.Bxe4 Nd7 12.Bc2 Nf6 13.Qe2 Re8 14.Bb3 Nd5 15.c4 Nc7 16.Be3 a5
17.a4 Na6 18.c5 Nb4 19.Ne5 Nd5 20.Qf3 Be6 21.Rad1 Qc7 22.Bc1 Rf8 23.h4 Rad8
24.h5 Qc8 25.Qg3 Nc7 26.hxg6 hxg6 27.Bc2 Bf5 28.Bb3 Ne6 29.Be3 Qc7 30.Qh4 g5
31.Bxg5 f6 32.Bh6 fxe5 33.Rxe5 Bxe5 34.Qg5+ Kh7 35.Bxe6 Bxe6 36.Bxf8 Bh2+ 37.Kh1
Rxf8 38.Qh5+ Kg7 39.Qg5+ Kf7 40.Qh5+ Kf6 41.Qh6+ Kf7 42.Qh5+ Kf6 43.Qh6+ Kf7
44.Qh5+ Kf6

[Event "Aut_chT0809"]
[Site "Graz"]
[Date "2008.11.09"]
[Round "3"]
[Board "2"]
[White "Baklan, Vladimir"]
[Black "Rausis, Igor"]
[Result "1/2-1/2"]
[WhiteElo "2627"]
[BlackElo "2501"]
[PlyCount "246"]
[EventDate "2008.11.07"]
[EventType "team"]
[EventRounds "11"]
[EventCountry "AUT"]
[WhiteTeam "Holz Dohr"]
[BlackTeam "SK Advisory Invest Baden"]

1.e4 e5 2.Nf3 Nf6 3.Nxe5 d6 4.Nf3 Nxe4 5.d4 d5 6.Bd3 Bd6 7.O-O O-O 8.Re1 Re8
9.c4 c6 10.Nc3 Nxc3 11.bxc3 Rxe1+ 12.Qxe1 h6 13.Rb1 b6 14.Qe2 dxc4 15.Bxc4 Bf5
16.Ra1 Nd7 17.a4 Qf6 18.Bd2 Qe7 19.Qxe7 Bxe7 20.Ba6 Rd8 21.Bf4 c5 22.Re1 Bf6
23.Bc7 Rf8 24.h3 Nb8 25.Bb7 Bc8 26.Bd5 Na6 27.Bd6 Rd8 28.Bc4 cxd4 29.cxd4 Be6
30.Bxe6 fxe6 31.Rxe6 Kf7 32.d5 Nc5 33.Bxc5 Rxd5 34.Rd6 Rxc5 35.Rd7+ Ke6 36.Rxa7
Kd5 37.Rd7+ Kc6 38.Rd2 Rc4 39.Kf1 Rxa4 40.Ke2 b5 41.Rc2+ Kd5 42.Nd2 b4 43.Rc7
Ra2 44.Kd3 Ra3+ 45.Kc2 Bc3 46.Nb1 Ra2+ 47.Kd3 Be5 48.Rb7 Rxf2 49.Rxb4 Rxg2
50.Rb5+ Ke6 51.Nd2 Rg3+ 52.Ke4 Bf6 53.Rb6+ Kf7 54.Rb3 Rg2 55.Nf1 Rf2 56.Rf3 Ra2
57.Rb3 Rf2 58.Rf3 Rb2 59.Ra3 Kg6 60.Kf3 Kh5 61.Ra4 Rb3+ 62.Kg2 Bh4 63.Ra2 Rd3
64.Rd2 Ra3 65.Re2 Kg6 66.Rc2 Bf6 67.Re2 Rb3 68.Nh2 Kf5 69.Nf1 Bg5 70.Ng3+ Kg6
71.Re4 Bf6 72.Re6 Kf7 73.Re2 Rb5 74.Ne4 Be5 75.Nd2 Rd5 76.Nf3 Bf6 77.Re4 Ra5
78.Re2 Ra4 79.Ne5+ Kg8 80.Ng4 Bh4 81.Ne5 Ra3 82.Nf3 Bf6 83.Ne5 Ra5 84.Nf3 Kf7
85.Kf1 Kg6 86.Kg2 Kf5 87.Nh2 Kf4 88.Nf3 Ra3 89.Rf2 Ke4 90.Nd2+ Kd5 91.Nf3 Bc3
92.Re2 Ra6 93.Re3 Rg6+ 94.Kf2 Bb4 95.Rd3+ Ke6 96.Nd4+ Kf7 97.Rf3+ Kg8 98.Rf5 Rd6
99.Ne2 g6 100.Rb5 Rf6+ 101.Kg1 Bd6 102.Kg2 Re6 103.Kf3 Rf6+ 104.Kg2 Bf8 105.Ng1
Ra6 106.Nf3 Ra2+ 107.Kf1 Ra1+ 108.Kg2 Ra2+ 109.Kf1 Ra3 110.Kg2 Bd6 111.Rb6 Rd3
112.Rb7 Bf4 113.Rb4 g5 114.h4 Rc3 115.hxg5 hxg5 116.Nd4 Rg3+ 117.Kf1 Be5 118.Kf2
Rd3 119.Ne6 Bf6 120.Rb5 g4 121.Rb4 Kf7 122.Nf4 Rf3+ 123.Ke2 Ra3

[Event "Aut_chT0809"]
[Site "Graz"]
[Date "2008.11.09"]
[Round "3"]
[Board "3"]
[White "Siebrecht, Sebastian"]
[Black "Bischoff, Klaus"]
[Result "1/2-1/2"]
[WhiteElo "2440"]
[BlackElo "2545"]
[PlyCount "78"]
[EventDate "2008.11.07"]
[EventType "team"]
[EventRounds "11"]
[EventCountry "AUT"]
[WhiteTeam "SK Advisory Invest Baden"]
[BlackTeam "Holz Dohr"]

1.d4 Nf6 2.Nf3 e6 3.e3 d5 4.c4 a6 5.Qc2 Nbd7 6.a3 dxc4 7.Bxc4 c5 8.dxc5 Bxc5
9.O-O b5 10.Bd3 Bb7 11.e4 Bd6 12.Nc3 O-O 13.Bg5 h6 14.Bh4 Qb8 15.Rad1 Ng4 16.Bg3
Bxg3 17.hxg3 Rd8 18.Be2 Qa7 19.Qd2 Rac8 20.Qf4 Ngf6 21.Rd6 Nc5 22.e5 Nfe4
23.Rxd8+ Rxd8 24.Qe3 Nxc3 25.bxc3 Qb6 26.Rd1 Rxd1+ 27.Bxd1 Nd7 28.Qd2 Bxf3
29.Qxd7 Bxd1 30.Qxd1 Qc5 31.Qd8+ Kh7 32.Qd3+ Kg8 33.Qd8+ Kh7 34.Qd3+ g6 35.Qf3
Kg7 36.Qf6+ Kg8 37.Qd8+ Kg7 38.Qf6+ Kg8 39.Qd8+ Kg7

[Event "Aut_chT0809"]
[Site "Graz"]
[Date "2008.11.09"]
[Round "3"]
[Board "4"]
[White "Kosten, Anthony C"]
[Black "Baumegger, Siegfried"]
[Result "1-0"]
[WhiteElo "2514"]
[BlackElo "2447"]
[PlyCount "61"]
[EventDate "2008.11.07"]
[EventType "team"]
[EventRounds "11"]
[EventCountry "AUT"]
[WhiteTeam "Holz Dohr"]
[BlackTeam "SK Advisory Invest Baden"]

1.c4 Nf6 2.Nc3 e5 3.Nf3 Nc6 4.e4 Bb4 5.d3 d6 6.g3 O-O 7.Bg2 Bg4 8.a3 Bc5 9.h3
Bxf3 10.Bxf3 a6 11.b4 Ba7 12.O-O Nd4 13.Bg2 b5 14.Bb2 Nd7 15.Ne2 Rb8 16.Rc1
Nxe2+ 17.Qxe2 c5 18.Bc3 Qe7 19.Kh2 cxb4 20.axb4 Nb6 21.Qa2 Na4 22.Ba1 Kh8 23.Bf3
f5 24.exf5 Rxf5 25.Be4 Rf7 26.c5 Rbf8 27.cxd6 Qxd6 28.Bxe5 Qd8 29.f4 Rd7 30.Qe6
Bd4 31.Qh6

[Event "Aut_chT0809"]
[Site "Graz"]
[Date "2008.11.09"]
[Round "3"]
[Board "5"]
[White "Lendwai, Reinhard"]
[Black "Kunin, Vitaly"]
[Result "1/2-1/2"]
[WhiteElo "2418"]
[BlackElo "2546"]
[PlyCount "82"]
[EventDate "2008.11.07"]
[EventType "team"]
[EventRounds "11"]
[EventCountry "AUT"]
[WhiteTeam "SK Advisory Invest Baden"]
[BlackTeam "Holz Dohr"]

1.d4 Nf6 2.c4 e6 3.Nc3 d5 4.cxd5 Nxd5 5.Nf3 Nxc3 6.bxc3 c5 7.e3 Be7 8.Ne5 O-O
9.Bd3 Nd7 10.Nxd7 Bxd7 11.O-O Bc6 12.Bb2 Rc8 13.Qe2 Bf6 14.Rfd1 Qa5 15.e4 Rfd8
16.e5 Be7 17.a3 g6 18.h3 Rd7 19.Kh2 Rdc7 20.f4 Ba4 21.Rd2 cxd4 22.cxd4 Bb3
23.Qf2 Qa4 24.Qf3 b6 25.g4 Bc2 26.Bf1 Bb3 27.Bd3 Bc4 28.Be4 Bd5 29.Bxd5 Rc2
30.Rad1 exd5 31.Qd3 b5 32.Rg2 Rxg2+ 33.Kxg2 Rc2+ 34.Rd2 Rxd2+ 35.Qxd2 Bxa3
36.Bxa3 Qxa3 37.f5 Kf8 38.Qc2 Qe3 39.Qc5+ Kg7 40.f6+ Kh6 41.h4 Qe2+

[Event "Aut_chT0809"]
[Site "Graz"]
[Date "2008.11.09"]
[Round "3"]
[Board "6"]
[White "Freitag, Manfred"]
[Black "Loeffler, Stefan"]
[Result "1/2-1/2"]
[WhiteElo "2406"]
[BlackElo "2411"]
[PlyCount "131"]
[EventDate "2008.11.07"]
[EventType "team"]
[EventRounds "11"]
[EventCountry "AUT"]
[WhiteTeam "Holz Dohr"]
[BlackTeam "SK Advisory Invest Baden"]

1.d4 d5 2.c4 e6 3.Nf3 dxc4 4.e3 a6 5.Bxc4 Nf6 6.O-O c5 7.a4 Nc6 8.Qe2 Qc7 9.Nc3
Bd6 10.h3 O-O 11.Rd1 h6 12.Bd2 Re8 13.Rac1 Bd7 14.d5 exd5 15.Nxd5 Nxd5 16.Bxd5
Ne7 17.Bc4 Bc6 18.Bc3 Rad8 19.a5 Ng6 20.Qc2 Be4 21.Bd3 Bxf3 22.gxf3 Nh4 23.Be4
Qc8 24.Kf1 Re6 25.Ke2 Rde8 26.Bd5 Rg6 27.Rg1 Ng2 28.Be4 Rg5 29.h4 Nxh4 30.Rxg5
hxg5 31.Rg1 f6 32.Qb3+ Kf8 33.Qxb7 Qxb7 34.Bxb7 Nf5 35.Rh1 Kf7 36.Bxa6 Nd4+
37.Kd3 Nxf3 38.Bb7 Ne5+ 39.Ke2 Bb8 40.Bd5+ Ke7 41.Rh7 Kd6 42.Bg2 Rg8 43.Be4 Nc6
44.Rh1 Ba7 45.Bxc6 Kxc6 46.Rh7 Kb5 47.Bxf6 gxf6 48.Rxa7 g4 49.a6 g3 50.fxg3 Rxg3
51.Rc7 Kxa6 52.Rxc5 Rg2+ 53.Kf3 Rxb2 54.Ke4 Kb7 55.Kf5 Rf2+ 56.Ke6 Rf3 57.e4 Rf4
58.Kd5 Kb6 59.Rc6+ Kb7 60.Rc1 Kb6 61.Rc6+ Kb7 62.Re6 Kc7 63.Re7+ Kd8 64.Kd6 Rh4
65.Ra7 Ke8 66.Ke6

[Event "Aut_chT0809"]
[Site "Graz"]
[Date "2008.11.09"]
[Round "3"]
[Board "1"]
[White "Neubauer, Martin"]
[Black "Weiss, Christian"]
[Result "1/2-1/2"]
[WhiteElo "2417"]
[BlackElo "2424"]
[PlyCount "82"]
[EventDate "2008.11.07"]
[EventType "team"]
[EventRounds "11"]
[EventCountry "AUT"]
[WhiteTeam "SK ASVOE Raika St.Veit/Gl."]
[BlackTeam "Union Ansfelden"]

1.d4 Nf6 2.Nf3 g6 3.c4 Bg7 4.Nc3 O-O 5.e4 d6 6.Be2 e5 7.Be3 Ng4 8.Bg5 f6 9.Bc1
Nc6 10.d5 Ne7 11.h3 Nh6 12.h4 Nf7 13.h5 c6 14.hxg6 hxg6 15.g3 Bd7 16.Nh4 cxd5
17.Nxd5 Nxd5 18.cxd5 Nh8 19.Qb3 b5 20.Bd2 Qb6 21.Be3 Qa5+ 22.Bd2 Qb6 23.O-O f5
24.Be3 Qa5 25.Qa3 Qxa3 26.bxa3 fxe4 27.Rfc1 Rfc8 28.Rxc8+ Rxc8 29.Rc1 Rxc1+
30.Bxc1 Bf6 31.Ng2 Nf7 32.Ne3 Bg5 33.Bd1 Kf8 34.Bc2 Bf5 35.a4 a6 36.axb5 axb5
37.Bd1 Ke7 38.Be2 Bd7 39.Bf1 Kd8 40.Bg2 Bf5 41.Bf1 Bc8